00438nam a2200193Ia 4500003000900000008004100009040001300050040001300063041000800076100002300084245004700107250001200154260002100166260000900187300001100196300001000207490001900217490000800236IT-RoPAU120407s9999 xx 000 0 und d aIT-RoPAU cIT-RoPAU aita aGuglielmo Matthiae aArte, scienza e cultura in Roma cristiana. aBologna aLicinio Cappelli c1971 a422 p. c25 cm aRoma Cristiana v111